000
00285nam a22001217a 4500
008
260306b ||||| |||| 00| 0 eng d
041
_a
eng
080
_a
2.1
100
_a
20.1
101
_a
ngjarje
245
_a
Petrit Kotrri Norbert Jokl
_c
Dugagjini Ballkan Books
942
_2
udc
_c
BK
999
_c
60877
_d
60877